LEADER 00615nam0 2200217 450 001 000010952 005 20080512065347.0 100 $a20080512d1927----km-y0itay50------ba 101 0 $aeng 102 $aGB 105 $ay-------001-y 200 1 $aNavigational wireless$fby S. H. Long 210 $aLondon$cChapman & Hall$d1927 215 $axi, 164 p.$cill., piante$d22 cm 676 $a386$v20 700 1$aLong,$bStephen Harriman$0631192 801 0$aIT$bUNIPARTHENOPE$c20080512$gRICA$2UNIMARC 912 $a000010952 951 $a386/103$b284$cNAVA1 996 $aNavigational wireless$91203905 997 $aUNIPARTHENOPE LEADER 01152nam0 22002771i 450 001 UON00256292 005 20231205103653.652 010 $a88-243-1182-2 100 $a20040722d1996 |0itac50 ba 101 $aita 102 $aIT 105 $a|||| ||||| 200 1 $aEsperienza e ideologia ministeriale nella crisi dell'Ancien Régime$eNiccolò Fraggianni tra diritto, istituzioni e politica (1725-1763)$fFrancesco Di Donato 210 $aNapoli$cJovene$d1996 215 $av.$dp.$d22 cm. 410 1$1001UON00274080$12001 $aStoria e diritto. Studi$v40 606 $aFRAGGIANNI NICCOLO'$xStudi$3UONC054985$2FI 620 $aIT$dNapoli$3UONL000012 700 1$aDI_DONATO$bFrancesco$3UONV128766$0167206 712 $aJovene$3UONV252044$4650 801 $aIT$bSOL$c20241122$gRICA 899 $aSIBA - SISTEMA BIBLIOTECARIO DI ATENEO$2UONSI 912 $aUON00256292 950 $aSIBA - SISTEMA BIBLIOTECARIO DI ATENEO$dSI III STORIAEUR C C 0364 $eSI SC 39564 5 0364 996 $aEsperienza e ideologia ministeriale nella crisi dell'Ancien Regime$9711144 997 $aUNIOR